|
|
|
|
| LEADER |
00944nam a22002652i 4500 |
| 001 |
000151892 |
| 003 |
CZ BrMZK |
| 005 |
20161215150712.0 |
| 007 |
ta |
| 008 |
950101s1940 xr f cze d |
| 040 |
|
|
|a BOA001
|b cze
|e rda
|
| 041 |
1 |
|
|a cze
|h eng
|
| 100 |
1 |
|
|a Ravage, M. E.
|q (Marcus Eli),
|d 1884-1965
|7 uk2014835176
|4 aut
|
| 245 |
1 |
0 |
|a Názor talmudistického Žida na původ křesťanství /
|c dva články, jež roku 1928 do americké revue "The Century magazine" napsal Marcus Eli Ravage ; přeložil Emil Šourek
|
| 264 |
|
1 |
|a Praha :
|b Emil Šourek,
|c 1940
|
| 300 |
|
|
|a 32 stran
|
| 336 |
|
|
|a text
|b txt
|2 rdacontent
|
| 337 |
|
|
|a bez média
|b n
|2 rdamedia
|
| 338 |
|
|
|a svazek
|b nc
|2 rdacarrier
|
| 500 |
|
|
|a Přeloženo z angličtiny
|
| 700 |
1 |
|
|a Šourek, Emil
|4 trl
|
| 910 |
|
|
|a BOA001
|b X-0796.550
|
| 990 |
|
|
|a BK
|
| 991 |
|
|
|b 201611
|
| 996 |
6 |
|
|b 2619954585
|c X-0796.550
|l MZK
|r Sklad / do 24 hodin
|n 7
|w 000151892
|u 000010
|a 1
|e BOA001
|j MZK50
|s P
|